| 000 | 00919nam0a22002651 4500 | ||
|---|---|---|---|
| 001 | rc\4813880 | ||
| 005 | 20130426135617.3 | ||
| 021 |
_aRU _b69-РК-2883/1 |
||
| 021 |
_aRU _bРг7865-69 |
||
| 035 | _a(NLR Aleph) 008797904 | ||
| 090 |
_a8082712 _c8082712 |
||
| 100 | _a20130426d1968 |||y0rusy50 ca | ||
| 101 | 0 | _arus | |
| 102 | _aRU | ||
| 105 | _ay z ||||| | ||
| 200 | 1 |
_aО стоматологической деонтологии _fОтд. мед. службы Краснознам. Черномор. флота |
|
| 210 |
_aСевастополь _cБ. и. _d1968 |
||
| 215 |
_a45 с. _d20 |
||
| 300 | _aПеред загл. авт.: заслуж. врач УССР, канд. мед. наук С.Н. Угулава | ||
| 700 | 1 |
_aУгулава _bС. Н. _gСергей Нестерович |
|
| 801 | 0 |
_aRU _bNLR _gpsbo |
|
| 801 | 1 |
_aRU _bELAR _2rusmarc |
|
| 852 |
_aNLR _j69-4/18726 |
||
| 942 | _cBOOK | ||
| 980 | _aNB | ||